000 00655cam a22002531 4500
001 sa 66003892
003 DLC
005 20260227112239.0
008 791005s1965 ii b 000 0 eng
010 _asa 66003892
025 _aPL480:I-E-5314
035 _a(OCoLC)5470823
040 _aDLC
_cNBuU
_dDLC
042 _apremarc
050 0 0 _aHM251
_b.S46
082 _a301.1
100 1 _aSharma, Ram Nath,
_d1931-
245 1 0 _aEssentials of social psychology.
250 _a[1st ed.]
260 _aKampur,
_bOriental Pub. House
_c[1965]
300 _av, 455 p.
_c23 cm.
504 _aBibliographical footnotes.
650 0 _aSocial psychology.
999 _c69156
_d69156